000
00298nam a2200121Ia 4500
008
220204s9999 xx 000 0 und d
082
_a
65(038)
_b
ROS
100
_a
Jerry M
245
0
_a
Dictionary of business and management
250
_a
Ed.2
260
_a
New York
_b
John Wiley
_c
1983
942
_c
BK
999
_c
37386
_d
37386